TRB Organic Chemistry Book/ (Record no. 212960)

MARC details
000 -LEADER
fixed length control field 00577nam a22001937a 4500
005 - DATE AND TIME OF LATEST TRANSACTION
control field 20250808114621.0
010 ## - LCCN (DPL NO)
LC control number ENG-146387
020 ## - INTERNATIONAL STANDARD BOOK NUMBER
Terms of availability 280.00
International Standard Book Number 9789361632297
035 ## - SYSTEM CONTROL NUMBER
System control number EN-129919
037 ## - SOURCE OF ACQUISITION
Source of stock number/acquisition DBAD
082 ## - DEWEY DECIMAL CLASSIFICATION NUMBER
Classification number 547
Edition number 1
100 ## - MAIN ENTRY--PERSONAL NAME
Personal name Dhannalakshmi, R.
245 ## - TITLE STATEMENT
Title TRB Organic Chemistry Book/
Statement of responsibility, etc R. Dhannalakshmi
250 ## - EDITION STATEMENT
Edition statement 1
260 ## - PUBLICATION, DISTRIBUTION, ETC. (IMPRINT)
Place of publication, distribution, etc Madurai
Name of publisher, distributor, etc Shanlax Publications
Date of publication, distribution, etc 2025
270 ## - ADDRESS
Address 61, T.P.K., Main Road, Vasantha Nagar
City Madurai
Postal code 625003
Electronic mail address shanlax_1990@yahoo.com
300 ## - PHYSICAL DESCRIPTION
Extent 241p.
Dimensions 25cm(pb)
942 ## - ADDED ENTRY ELEMENTS (KOHA)
Source of classification or shelving scheme Dewey Decimal Classification
Item type English Books
Classification part 547
Call number suffix DHA
Holdings
Withdrawn status Lost status Not for loan Collection code Home library Current library Date acquired Source of acquisition Cost, normal purchase price Full call number Barcode Copy number Cost, replacement price Koha item type
      Non-fiction Mobile Library Mobile Library 08/08/2025 Delivery of Books Act Division 280.00 547 DHA EN-129919 1 280.00 English Books

© Delhi Public Library
Hit Counter
free hit counter